| 000 | 00528ntaaa2200193 4500 | ||
|---|---|---|---|
| 003 | 01 | ||
| 005 | 20251027201608.0 | ||
| 008 | 0714s1973 ag 01 | ||
| 040 |
_aAR-BaBN _bspa _cAR-BaBN _eaacr _dRIC |
||
| 082 | _a230.0000 W64 | ||
| 100 |
_aWiley, H. Orton _914561 |
||
| 245 | _aIntroducción a la Teología Cristiana | ||
| 250 |
_a1 ed. : _bBeacon Hill Press, _cc1948 |
||
| 300 | _a506 p. | ||
| 500 | _a"Estudio de los fundamentos de la Biblia" | ||
| 650 | _aTeología | ||
| 700 |
_aCulbertson, Paul T. _914562 |
||
| 942 | _cBK | ||
| 999 |
_c10552 _d10552 |
||